000 00787cab a2200289 4500
001 ABS47774
008 090401t1993 xxu||||| |||| 00| 0 eng d
035 _a(Sirsi) u63379
041 _aeng
100 _aSmulian, M.
245 _aFurther 1.3pc fall in output forecast
260 _c1993
350 _a0
490 _aConstruction News
_v(6296) 7 January 1993, 4 (1)
520 _aProspects for European construction industries during 1993 are reviewed here briefly country by country.
650 _aCONSTRUCTION MARKET
650 _aEUROCONSTRUCT
650 _aEUROPE
650 _aFORECASTS
650 _aHOUSE BUILDING
650 _aOUTPUT
650 _aSTATISTICS
690 _aBUILT ENVIRONMENT
700 _aGreen, B.
942 _n0
948 _c04/03/1997
999 _c39398
_d39398